000 00628cam a22002173a 4500
001 34113
003 PGUSA
005 20140828083733.0
008 101022s2010||||xxu|||||s|||||000 | eng d
040 _aPGUSA
_beng
042 _adc
100 1 _aKipling, Rudyard,
_d1865-1936
245 1 3 _aAn Almanac of Twelve Sports
_h[electronic resource] /
_cRudyard Kipling
260 _bProject Gutenberg,
_c2010
506 _aPublic domain in the USA.
516 _aElectronic text
700 1 _aNicholson, William,
_d1872-1949
830 0 _aProject Gutenberg
_v34113
856 4 0 _uhttp://www.gutenberg.org/ebooks/34113
942 _cEB
999 _c263368
_d263368